000 nam a22 7a 4500
999 _c330326
_d330326
003 NUST
005 20170620133238.0
008 170620b xxu||||| |||| 00| 0 eng d
020 _a8179920631
040 _c0
082 _a613.62 CHE
100 _aCheremisinoff,Nicholas p.
_92953
245 _aEnvironmental Health and Safety Management:
_bA Guide to Compliance
_cNicholas P.Cheremisinoff
260 _aMumbai
_bJaico Publishing house
_c2003
300 _a502p.
500 _aH.B
942 _2ddc
_cBK
_kIESE